000 00637nam a22002052 4500
001 0000006989
005 20151217152019.0
008 071106s xx 000 0 eng d
020 _a0745952291 :
_cKES 890
040 _aKABU
_cKABU
100 1 _aReddie, Richard S.
_@0000157984
245 1 0 _aAbolition! :
_bthe struggle to abolish slavery in the British colonies /
_cRichard S. Reddie.
260 _aOxford :
_bLion,
_c2007.
300 _a254 p.
650 0 _aSlavery.
_@0000157985
908 _a071106
950 _@1
999 _c7331
_d7331